000
00348nam a2200145Ia 4500
008
231217s9999 xx 000 0 und d
041
_a
English
082
_a
001.6424PAS RAD R'
100
_a
Radha Ganeshan P
245
0
_a
Pascal programming
260
_c
1987
_b
New Delhi : New Age,
300
_a
xvi+255
650
_a
Pascal
942
_c
AA
999
_c
165893
_d
165893